000 00832nam a2200217 i 4500
001 190692
003 ES-MaACL
005 20230906223820.0
008 220510s2019 sp a 000 0deng d
245 0 0 _aAnkara Women Painters Association :
_bthe colorful marks of women : april 20-april 27, 2019, exhibition in Ateneo de Madrid, Sala Prado 19.
260 _a[Madrid :
_bAteneo de Madrid,
_c2019]
300 _a18 p. :
_bil. col. ;
_c14 x 24 cm.
610 2 4 _aAteneo de Madrid-
_vExposiciones-
_y2010-2019.
_9144911
650 4 _aPintura turca-
_vExposiciones.
_9174444
650 4 _aPintoras.
_9173753
655 7 _2tgfbne
_9193628
_aCatálogos de exposiciones
710 2 _aAteneo de Madrid.
_bSala de Exposiciones de Prado 19.
_9148678
852 4 _aES-MaACL
_j2343-F-11
942 _2udc
999 _c190692
_d190692